| 000 | 00782cab a2200241 4500 | ||
|---|---|---|---|
| 001 | ABS67506 | ||
| 008 | 040304n2004 000 0 eng u | ||
| 035 | _a(Sirsi) u125331 | ||
| 245 | _aRegional survey: West End | ||
| 260 | _c2004 | ||
| 490 |
_aProperty Week _v69(7) 13 February 2004, 45-70(14) |
||
| 590 | _aABS | ||
| 650 | _aWEST END OF LONDON | ||
| 650 | _aLEICESTER SQUARE | ||
| 650 | _aPROPERTY-COMMERCIAL PROPERTY-OFFICE PROPERTY-OFFICE PROPERTY MARKET | ||
| 650 | _aPROPERTY-COMMERCIAL PROPERTY-RETAIL PROPERTY-RETAIL PROPERTY MARKET | ||
| 650 | _aMIXED-USE DEVELOPMENTS | ||
| 650 | _aRESIDENTIAL DEVELOPMENT | ||
| 650 | _aWESTMINSTER CITY COUNCIL | ||
| 650 | _aINVESTMENT | ||
| 690 | _aPROPERTY-COMMERCIAL PROPERTY-COMMERCIAL PROPERTY MARKET | ||
| 942 | _n0 | ||
| 999 |
_c74237 _d74237 |
||